[Event "First Saturday 2009 september FM-B"]
[Site "Budapest"]
[Date "2009.09.11"]
[Round "7"]
[White "Szecsi, Peter"]
[Black "Szoukup, Helga"]
[Result "1/2-1/2"]
[WhiteElo "1776"]
[BlackElo "1921"]
[PlyCount "49"]
[EventDate "2009.09.05"]

1. e4 c6 2. d4 d5 3. e5 c5 4. dxc5 e6 5. Be3 Qc7 6. Nf3 Bxc5 7. Bxc5 Qxc5 8. c3
Qc7 9. Nbd2 Nc6 10. Bb5 Bd7 11. Bxc6 Bxc6 12. O-O Ne7 13. Nb3 Nf5 14. Nbd4 Nxd4
15. cxd4 Qb6 16. Qd2 h6 17. Rac1 Bb5 18. Rfd1 Qa6 19. Qb4 Bc6 20. a3 Qa4 21.
Qxa4 Bxa4 22. Rd3 Kd7 23. Rdc3 Rac8 24. Rxc8 Rxc8 25. Rxc8 1/2-1/2